| 000 | 02171cam a22005174i 4500 | ||
|---|---|---|---|
| 003 | PE-LiUPU | ||
| 005 | 20250731173452.0 | ||
| 008 | 150616s r 000 0 d | ||
| 020 | _a0060610638 | ||
| 035 | _a(Sirsi) i9780060610630 | ||
| 040 |
_aPE-LiUPU _bspa _cPE-LiUPU _erda |
||
| 049 | _aPRUA | ||
| 082 | 0 | 4 |
_b _221 |
| 100 | 1 |
_aBristow, John Temple, _eautor. |
|
| 245 | 1 | 0 |
_aWhat Paul Really Said About Women / _cJohn Temple Bristow. |
| 264 | 1 |
_aSan Francisco : _bHarpe San Francisco, _c1991. |
|
| 300 |
_a226 páginas ; _c20 centímetros |
||
| 336 |
_atext _2rdacontent |
||
| 337 |
_aunmediated _2rdamedia |
||
| 338 |
_avolume _2rdacarrier |
||
| 505 | 0 | _aWhere the Idea that women are inferior to men really began -- New roles for gusbands and wives -- Women as leaders in the church -- Educationg women -- The question of dress and hairstylles -- Is celibacy holy? -- The slandered apostle. | |
| 526 | _aSEG42 | ||
| 526 | _aSEG41 | ||
| 526 | _aSEG40 | ||
| 526 | _aSEG39 | ||
| 526 | _aP94 | ||
| 526 | _aP87 | ||
| 526 | _aP86 | ||
| 526 | _aP85 | ||
| 526 | _aP77 | ||
| 526 | _aP76 | ||
| 526 | _aP35 | ||
| 600 | 1 |
_aPablo, Apóstol _xVisión sobre las mujeres |
|
| 630 |
_aBiblia. _pN.T. _pEpístolas de Pablo _xCrítica, interpretación, etc. |
||
| 650 | 0 | 4 |
_aMujeres _xCristianismo _xEnseñanza bíblica. |
| 910 |
_ajck _bjvq _cjck |
||
| 942 |
_2ddc _cBOOK |
||
| 949 |
_a227.083054 B83 _wDEWEY _c1 _i39873 _lCCODEBUL1 _mBUL _r0 _sY _tBOOK _u2015-4-23 _xTEOLOGIA _zUNKNOWN _0COMPRA _o.STAFF. Colección General |
||
| 949 |
_a227.083054 B83 _wDEWEY _c2 _i39872 _lCCODEBUL1 _mBUL _r0 _sY _tBOOK _u2015-6-16 _xTEOLOGIA _zUNKNOWN _0COMPRA _o.STAFF. Colección General |
||
| 994 |
_aC0 _bPEPRU |
||
| 596 | _a1 | ||
| 999 |
_a227.083054 B83 _wDEWEY _c57646 _i39873 _f2021-11-9 _g5 _lCCODEBUL1 _mBUL _r0 _sY _tBOOK _u2015-4-23 _xTEOLOGIA _zUNKNOWN _0COMPRA _o.STAFF. Colección General _d57646 |
||
| 999 |
_a227.083054 B83 _wDEWEY _c2 _i39872 _f2021-11-9 _g5 _lCCODEBUL1 _mBUL _r0 _sY _tBOOK _u2015-6-16 _xTEOLOGIA _zUNKNOWN _0COMPRA _o.STAFF. Colección General |
||
| 980 |
_81 _gALBERTO SANCHEZ Responsable de Automatización |
||